Tribals and Christian Missionaries (Record no. 6524)

MARC details
000 -LEADER
fixed length control field 00624nam a2200253 a 4500
020 ## - INTERNATIONAL STANDARD BOOK NUMBER
ISBN 8185445
082 00 - DEWEY DECIMAL CLASSIFICATION NUMBER
Classification number 269.2
Author Cutter SHY
100 ## - MAIN ENTRY--AUTHOR NAME
Author name Shyam, Lal
245 ## - TITLE STATEMENT
Title Tribals and Christian Missionaries
260 ## - PUBLICATION, DISTRIBUTION, ETC. (IMPRINT)
Place of publication Delhi
Name of publisher Manak Pub
Year of publication 1944
300 ## - PHYSICAL DESCRIPTION
Number of Pages 176p
500 ## - GENERAL NOTE
General note includes index and biblioraphy
505 2# - FORMATTED CONTENTS NOTE
Formatted contents note Appendices, Biblio, Index
650 ## - SUBJECT ADDED ENTRY--TOPICAL TERM
Topical Term Evangelistic Work
650 ## - SUBJECT ADDED ENTRY--TOPICAL TERM
Topical Term Tribes-India
942 ## - ADDED ENTRY ELEMENTS (KOHA)
Koha item type Books
700 1# -
-- Shyam, Lal
Holdings
Collection code Home library Current library Date acquired Cost, normal purchase price Full call number Accession Number Koha item type
  Henry Martyn Institute Library Henry Martyn Institute Library 07/16/2007 250.00 269.2 SHY 014659 Books
                   Copyright © 2026 | Henry Martyn Institute | Hyderabad | TS-500052 | INDIA | Implemented by hmi.edu.in
Hit-Count:

Powered by Koha